Normal view
MARC view
- ELECTRIC CURRENT ALTERNATING ELECTRIC ENGINEERING
Entry Topical Term
001 - CONTROL NUMBER
- control field: 68045
003 - CONTROL NUMBER IDENTIFIER
- control field: NUST
005 - DATE AND TIME OF LATEST TRANSACTION
- control field: 20210628203948.0
008 - FIXED-LENGTH DATA ELEMENTS
- fixed length control field: 210628|| aca||aabn | a|a d
040 ## - CATALOGING SOURCE
- Original cataloging agency: NUST
- Transcribing agency: NUST
150 ## - HEADING--TOPICAL TERM
- Topical term or geographic name entry element: ELECTRIC CURRENT ALTERNATING ELECTRIC ENGINEERING
670 ## - SOURCE DATA FOUND
- Source citation: Work cat.: (NUST): Herman, S. L , Duff, John R 68044, Alternating current fundamentals, 1991
